[Event "FIN-ch Seniors 65"]
[Site "Helsinki"]
[Date "2020.09.26"]
[Round "4"]
[White "Karppinen, Martti"]
[Black "Saharinen, Petri"]
[Result "0-1"]
[WhiteElo "1878"]
[BlackElo "1720"]
[PlyCount "94"]
[EventDate "2020.09.24"]
[EventType "swiss"]
[EventRounds "7"]
[EventCountry "FIN"]
[SourceTitle "CBM 198 Extra"]
[Source "ChessBase"]
[SourceDate "2020.11.30"]
[SourceVersion "1"]
[SourceVersionDate "2020.11.30"]
[SourceQuality "1"]

1. c4 Nf6 2. g3 e6 3. Bg2 d5 4. d3 Bb4+ 5. Bd2 Bxd2+ 6. Nxd2 0-0 7. Qc2 c5 8. Ngf3 Nc6 9. 0-0 Qe7 10. Rfe1 Bd7 11. a3 Rac8 12. e3 Qd6 13. e4 dxe4 14. Nxe4 Nxe4 15. dxe4 e5 16. Rad1 Nd4 17. Nxd4 cxd4 18. Qd3 a5 19. Rc1 Be6 20. Bf1 f5 21. exf5 Bxf5 22. Qb3 Rc5 23. Bg2 b6 24. Rcd1 Qf6 25. Bd5+ Kh8 26. f3 g5 27. g4 Bg6 28. Kg2 h5 29. Rf1 h4 30. Be4 Bf7 31. Bd5 b5 32. Bxf7 Qxf7 33. Qd3 bxc4 34. Qc2 c3 35. bxc3 Rxc3 36. Qe4 Re3 37. Qc6 Re2+ 38. Rf2 Rxf2+ 39. Kxf2 Kg7 40. Qc1 Qxf3+ 41. Kg1 Qxg4+ 42. Kh1 Qf3+ 43. Kg1 Kh6 44. Qb1 Qf2+ 45. Kh1 h3 46. Qb6+ Kh5 47. Qb7 Qf1+ 0-1

[Event "FIN-ch Seniors 65"]
[Site "Helsinki"]
[Date "2020.09.26"]
[Round "5"]
[White "Saharinen, Petri"]
[Black "Ruotanen, Helge"]
[Result "0-1"]
[WhiteElo "1720"]
[BlackElo "1946"]
[PlyCount "86"]
[EventDate "2020.09.24"]
[EventType "swiss"]
[EventRounds "7"]
[EventCountry "FIN"]
[SourceTitle "CBM 198 Extra"]
[Source "ChessBase"]
[SourceDate "2020.11.30"]
[SourceVersion "1"]
[SourceVersionDate "2020.11.30"]
[SourceQuality "1"]

1. d4 g6 2. c4 Bg7 3. Nc3 d6 4. e4 Nc6 5. Be3 e5 6. d5 Nce7 7. Bd3 f5 8. Bg5 Bf6 9. Nf3 h6 10. Bd2 fxe4 11. Nxe4 Bf5 12. Nxf6+ Nxf6 13. Bxf5 Nxf5 14. Bc3 0-0 15. 0-0 Rf7 16. h3 Ne4 17. Qc2 Nxc3 18. bxc3 Kh7 19. Rae1 Qe7 20. Re4 b6 21. a4 a5 22. Qd2 Ng7 23. Nh2 Nh5 24. g3 Nf6 25. Rh4 Ng8 26. Qe3 g5 27. Qd3+ Kg7 28. Re4 Nf6 29. Ree1 Nd7 30. Ng4 Nc5 31. Qc2 Qd7 32. f4 h5 33. Ne3 Qxh3 34. Qh2 Qxh2+ 35. Kxh2 exf4 36. gxf4 Nd3 37. Rd1 Nxf4 38. Nc2 Re8 39. Nd4 Re3 40. Ne6+ Nxe6 41. Rxf7+ Kxf7 42. dxe6+ Kxe6 43. Rd5 Re5 0-1